| 000 | 00357nam a2200145 a 4500 | ||
|---|---|---|---|
| 001 | 2746 | ||
| 003 | CDMR | ||
| 005 | 20140211174628.0 | ||
| 008 | 130130s1969||||||||||||||||||||||||||||d | ||
| 040 |
_aCDMR _bcat _cCDMR |
||
| 100 | 1 |
_aRosenthal, Raymond _92066 |
|
| 245 | 1 | 0 |
_aMarshall McLuhan _bpro & contra |
| 260 |
_aCaracas _c1969 _bMonte Avila |
||
| 942 |
_cMON _2udc |
||
| 999 |
_c2746 _d2746 |
||